30 Bands on M - Statistics

General Stats
  • This quiz has been taken 26 times
    13 since last reset
  • The average score is 8 of 30
Answer Stats
Answer % Correct
Metallica
75%
Megadeath
58%
Motörhead
58%
Muse
58%
Manfred Mann’s Earth Band
50%
Mötley Crüe
50%
Måneskin
42%
Madness
33%
Manic Street Preachers
33%
My Chemical Romance
33%
Maroon 5
25%
MGMT
25%
Mud
25%
the Monkees
25%
Mando Diao
17%
Martha Reeves & The Vandellas
17%
Millencolin
17%
Milli Vanilli
17%
Ministry
17%
Misfits
17%
My Bloody Valentine
17%
the Marvelettes
17%
the Mission
17%
Mott the Hoople
8%
The Mamas & The Papas
8%
Massive Attack
0%
Men Without Hats
0%
Midnight Oil
0%
Modern Talking
0%
Monster Magnet
0%
No matching quizzes found
Score Distribution
Percent of People with Each Score
Percentile by Number Answered
Your Score History
You have not taken this quiz since the last reset